The Best of audio/video interiors : twenty-one showcases of style and technology /

Bibliographic Details
Corporate Author: Avcom Publishing, Inc
Other Authors: Esse, Christopher J.
Format: Book
Language:English
Published: Woodland Hills, Calif. : Avcom Publishing, [1990]
Edition:1st ed.
Subjects:

MARC

Tag First Indicator Second Indicator Subfields
LEADER 00000cam a2200000 a 4500
001 in00001028721
005 20150928121703.0
008 910524s1990 caua 000 0 eng d
020 |a 0962792209 
035 |a (OCoLC)23833522 
035 |9 AFG0806AM 
040 |a SVP  |c SVP  |d TXA  |d UtOrBLW 
049 |a TXAM 
090 |a NK2115.5.A7  |b B47 1990 
092 |a 747.7 
245 0 4 |a The Best of audio/video interiors :  |b twenty-one showcases of style and technology /  |c [editor, Christopher J. Esse]. 
250 |a 1st ed. 
264 1 |a Woodland Hills, Calif. :  |b Avcom Publishing,  |c [1990] 
264 4 |c ©1990 
300 |a 240 pages :  |b color illustrations ;  |c 31 cm. 
336 |a text  |b txt  |2 rdacontent 
337 |a unmediated  |b n  |2 rdamedia 
338 |a volume  |b nc  |2 rdacarrier 
650 0 |a Interior decoration. 
650 0 |a Audio-visual equipment. 
650 0 |a Sound  |x Equipment and supplies. 
650 0 |a Electronic toys. 
650 0 |a Video tape recorders. 
700 1 |a Esse, Christopher J. 
710 2 |a Avcom Publishing, Inc. 
740 4 |a The best of audio video interiors. 
999 |a MARS 
999 f f |s d1758167-f385-368a-80c6-209b8dfa3434  |i 7dc9bef1-9f95-3909-b293-7f08a5424b3b  |t 0 
952 f f |p normal  |a Texas A&M University  |b College Station  |c Sterling C. Evans Library  |d Evans: Library Stacks  |t 0  |e NK2115.5.A7 B47 1990  |h Library of Congress classification  |i unmediated -- volume  |m A14816228794 
998 f f |a NK2115.5.A7 B47 1990  |t 0  |l Evans: Library Stacks